00707nam a2200181 a 450000100060000000300090000600800410001502000150005604000280007108200190009910000920011824500410021026000300025130000110028150502010029265000170049365000150051015235CO-ViMGA141112s2004 ck r 000 u spa d a9589400353 aCO-ViMGAbspacCO-ViMGA04a616.0757 R377r1 aRestrepo Gonzales, Rodrigo; Gutierrez Cadavid, Juan Esteban; Soto Jimenez, Jorge Andres10aRadiología e imagenes diagnosticas aMedellín, cCib, c2000 a455.p. aHistoria de la radiología, imagenes medicas Cabeza y cuello Columna vertebral Torax Abdomen Sistema osteomuscular Intervencionismo y Doppler Radiología de la mujer Pediatría Medicina Nuclear14aIMAGENOLOGIA14aRADIOLOGIA